|
|
|
|
| LEADER |
01553nam a2200325 a 4500 |
| 001 |
4981733 |
| 003 |
BD-DhAAL |
| 005 |
20250119105808.0 |
| 008 |
120724s1999 nyua b 001 0 eng d |
| 010 |
|
|
|a 98042002
|
| 020 |
|
|
|a 1856496252 (hb)
|
| 020 |
|
|
|a 1856496260 (pb)
|
| 020 |
|
|
|a 9798434664
|
| 020 |
|
|
|a 1875559868
|
| 040 |
|
|
|a DLC
|c DLC
|d DLC
|d BD-DhAAL
|
| 082 |
0 |
0 |
|a 305.42/095
|2 21
|
| 100 |
1 |
|
|a Matsui, Yayori.
|9 54678
|
| 240 |
1 |
0 |
|a Onnatachi ga tsukuru Ajia.
|l English
|
| 245 |
1 |
0 |
|a Women in the new Asia :
|b from pain to power /
|c Yayori Matsui; Translated by Noriko Toyokawa and Carolyn Francis
|
| 260 |
|
|
|a New York :
|b Zed Books,
|c 1999 [Second impresssion 2001].
|
| 300 |
|
|
|a x, 194 pages :
|b illustrations ;
|c 22 cm.
|
| 504 |
|
|
|a Includes bibliographical references and index.
|
| 526 |
|
|
|x Aanmona priyadarshini
Research assistant
Pathways of women empowerment
BDI
Course name and no. N/A
|
| 541 |
|
|
|a 00025653, 18325
|
| 650 |
|
0 |
|a Women in development
|z Asia.
|
| 852 |
1 |
|
|a Ayesha Abed Library
|j General shelf
|
| 942 |
|
|
|2 ddc
|c BK
|
| 999 |
|
|
|c 12613
|d 12613
|
| 952 |
|
|
|0 0
|1 0
|2 ddc
|4 0
|6 305_420000000000000_095_MAT
|7 0
|9 20807
|a BIGD
|b BIGD
|c GEN
|d 2012-07-24
|e BDI
|l 0
|o 305.42095 MAT
|p 3050025653
|r 2012-07-24
|t 1
|w 2012-07-24
|y BK
|x Transferred from BDI to BIGD.
|
| 952 |
|
|
|0 0
|1 0
|2 ddc
|4 0
|6 305_420950000000000_MAT
|7 0
|9 73803
|a BIGD
|b BIGD
|c GEN
|d 2023-06-13
|e BDI
|g 590.00
|l 0
|o 305.42095 MAT
|p 3050018325
|r 2023-06-13
|t 2
|w 2023-06-13
|y BK
|x Requisitioned by Aanmona priyadarshini Research assistant, Pathways of women empowerment BDI. Course name and no. N/A
|